000 00277nam a22001337a 4500
008 170527b xxu||||| |||| 00| 0 eng d
020 _a9780201416978
041 _aeng
080 _a62
100 _a26
101 _aim
245 _aCASE MTHOD
_cBARKER, R
942 _2udc
_cBK
999 _c14646
_d14646